Największe delty rzek - Statystyki

Ogólne statystyki
  • Ten quiz został rozwiązany 65 razy
  • Średni wynik to 7 z 11
Statystyki odpowiedzi
Powierzchnia (km2) Odpowiedź % Poprawnych
100000 Amazonka
98%
22200 Nil
98%
18000 Wołga
84%
31900 Missisipi
78%
86000 Ganges - Brahmaputra
75%
45000 Lena
62%
28500 Niger
53%
48000 Eufrat - Tygrys
42%
11000 Zambezi
36%
24000 Orinoko
35%
10000 Amu-daria
11%
Nie znaleziono quizów pasujących do podanych kryteriów
Rozkład punktacji
Procent ludzi z każdym wynikiem
Percentyl według liczby udzielonych odpowiedzi
Twoja historia wyników
Nie rozwiązałeś tego quizu